Представление документа в формате RUSMARC

Поле Инд. ПП Название Значение
Тип записи a
Библиографический уровень a
001 Контрольный номер 97da76c64f7748a2bd1f0fe3af2d4f88
005 Дата корректировки 20181128112618.8
100 a Данные общей обработки 20181128 ||| 0rusy0189 ca
101 0_ a Язык текста rus
102 a Страна публикации RU
200 1_ f Первые сведения об ответственности Ю.А. Умеренко
a Заглавие Процессуальные особенности рассмотрения земельных споров
b Общее обозначение материала Текст
210 1_ d Дата издания 2017
461 _0 1 2000
a Арбитражный и гражданский процесс
463 _0 1 2000
a № 7
v С. 37-42
1 2101
d 2017
1 001a8c5e67de7974222ac0469d4ca7fec92
606 a Основная рубрика Гражданское процессуальное право
610 0_ a Ключевые слова ЗЕМЕЛЬНЫЕ СПОРЫ
a Ключевые слова ПОДВЕДОМСТВЕННОСТЬ
a Ключевые слова ГРАЖДАНСКИЙ ПРОЦЕСС
a Ключевые слова АРБИТРАЖНЫЙ ПРОЦЕСС
a Ключевые слова ДОКАЗАТЕЛЬСТВА
700 _1 a Фамилия Умеренко
b Имя Ю.А.
801 _0 a Страна RU
b Организация РГУП
c Дата составления 20181128
g Правила каталогизации PSBO
801 _1 a Страна RU
b Организация РГУП
c Дата составления 20181128
g Правила каталогизации PSBO
901 t Тип документа b
w Контрольный № источника a8c5e67de7974222ac0469d4ca7fec92
905 a Дата ввода 20181128